[Event "CZE-chT2D 2122"]
[Site "Czech Republic"]
[Date "2022.04.03"]
[Round "11.7"]
[White "Nespory, Simon"]
[Black "Lipavsky, Dusan"]
[Result "1/2-1/2"]
[WhiteElo "1605"]
[BlackElo "1949"]
[PlyCount "92"]
[EventDate "2021.10.17"]
[EventType "team-tourn"]
[EventRounds "11"]
[EventCountry "CZE"]
[SourceTitle "EXT 2025"]
[Source "ChessBase"]
[SourceDate "2024.10.14"]
[SourceVersion "1"]
[SourceVersionDate "2024.10.14"]
[SourceQuality "1"]
[WhiteTeam "Zabreh"]
[BlackTeam "Vysoke Myto"]
[WhiteTeamCountry "CZE"]
[BlackTeamCountry "CZE"]

1. e4 c6 2. d4 d5 3. f3 g6 4. Nc3 Bg7 5. Be3 e6 6. Qd2 Nd7 7. h4 h5 8. 0-0-0 Nb6 9. e5 Bd7 10. Kb1 Bh6 11. Bg5 Qc7 12. g4 hxg4 13. fxg4 Bxg5 14. Qxg5 Qd8 15. Nf3 Qxg5 16. Nxg5 Ke7 17. Bd3 Nh6 18. Rdf1 Raf8 19. h5 gxh5 20. gxh5 Nf5 21. Ne2 Rfg8 22. Nf3 Rh6 23. Rh2 Rgh8 24. Nf4 Rg8 25. c3 Rg4 26. Ne1 Na8 27. Be2 Rg3 28. Rhh1 Nc7 29. Rfg1 Ne8 30. Bd3 Neg7 31. Bxf5 Nxf5 32. Rxg3 Nxg3 33. Rg1 Nf5 34. Nf3 Kf8 35. Nh2 Rh7 36. Kc1 Nh6 37. Nf3 Rg7 38. Rxg7 Kxg7 39. Kd2 Nf5 40. Ng5 Be8 41. Kd3 Kh6 42. Nfh3 Ng7 43. Ke3 Nxh5 44. Nf3 Kg7 45. Nf4 Nxf4 46. Kxf4 f5 1/2-1/2

[Event "Kouty nad Desnou op-B"]
[Site "Kouty nad Desnou"]
[Date "2017.03.13"]
[Round "3"]
[White "Nespory, Simon"]
[Black "Novotny, David"]
[Result "0-1"]
[WhiteElo "1564"]
[BlackElo "1716"]
[PlyCount "40"]
[EventDate "2017.03.11"]
[EventType "swiss"]
[EventRounds "9"]
[EventCountry "CZE"]
[SourceTitle "CBM 177 Extra"]
[Source "ChessBase"]
[SourceDate "2017.04.27"]
[SourceVersion "1"]
[SourceVersionDate "2017.04.27"]
[SourceQuality "1"]

1. e4 Nf6 2. Nc3 d6 3. d4 c6 4. Be2 Qa5 5. Bd2 Qb6 6. Bc1 g6 7. Nf3 Bg7 8. 0-0 0-0 9. b3 c5 10. h3 cxd4 11. Nxd4 Nxe4 12. Nxe4 Bxd4 13. c3 Bg7 14. Be3 Qa5 15. Qd2 Bf5 16. Qd3 d5 17. b4 dxe4 18. Qxe4 Bxe4 19. bxa5 Bxc3 20. Rac1 Bxa5 0-1